Fundamentals of Nursing (Record no. 397)

MARC details
000 -LEADER
Fixed length control field 00723nam a2200241Ia 4500
003 - CONTROL NUMBER IDENTIFIER
Control field IIN
005 - DATE AND TIME OF LATEST TRANSACTION
Control field 20240209121625.0
008 - FIXED-LENGTH DATA ELEMENTS--GENERAL INFORMATION
Fixed length control field 231217s9999 xx 000 0 und d
020 ## - INTERNATIONAL STANDARD BOOK NUMBER / ISBN
Price Rs.1999.00
International Standard Book Number 9789389859812
040 ## - CATALOGING SOURCE
Original cataloging agency IIN
Language of cataloging English
082 ## - DEWEY DECIMAL CLASSIFICATION NUMBER
Classification number 610.73
Book Number TAY
100 1# - MAIN ENTRY--PERSONAL NAME
Personal name Taylor, Caral
245 1# - TITLE STATEMENT
Title Fundamentals of Nursing
Sub title : the Art and Science of Person-Centered Nurstng Care /
Statement of responsibility Caral Taylor, Pamela Lynn and Jennifer L. Bartlett
250 ## - EDITION STATEMENT
Edition statement 9th ed
260 ## - IMPRINT
Place of publication New Delhi :
Name of publisher Wolters Kluwer,
Date of publication 2021
300 ## - PHYSICAL DESCRIPTION
Page / Vol. No xi, 420p.
440 ## - SERIES STATEMENT
Number Vol.1
650 1# - SUBJECT ADDED ENTRY--TOPICAL TERM
Topical term Foundation
Form subdivision Nursing
650 1# - SUBJECT ADDED ENTRY--TOPICAL TERM
Topical term Fundamentals
Form subdivision Nursing
700 1# - ADDED ENTRY--PERSONAL NAME
Personal name Lynn, Pamela
700 1# - ADDED ENTRY--PERSONAL NAME
Personal name Bartlett, Jennifer L.
942 ## - ADDED ENTRY ELEMENTS (KOHA)
Koha item type Books
Holdings
Withdrawn status Lost status Source of classification Damaged status Not for loan Collection code Home library Current library Date acquired Price Total Checkouts Call number Accession number Date last seen Copy number Price effective from Koha item type
    Dewey Decimal Classification       IDEAL INSTITUTE OF NURSING IDEAL INSTITUTE OF NURSING 17/12/2023 1999.00   610.73 TAY 392 17/12/2023 Vol.1 17/12/2023 Books
    Dewey Decimal Classification       IDEAL INSTITUTE OF NURSING IDEAL INSTITUTE OF NURSING 17/12/2023 1999.00   610.73 TAY 393 17/12/2023 Vol.1 17/12/2023 Books
    Dewey Decimal Classification       IDEAL INSTITUTE OF NURSING IDEAL INSTITUTE OF NURSING 17/12/2023 1999.00   610.73 TAY 394 17/12/2023 Vol.1 17/12/2023 Books
    Dewey Decimal Classification       IDEAL INSTITUTE OF NURSING IDEAL INSTITUTE OF NURSING 17/12/2023 1999.00   610.73 TAY 395 17/12/2023 Vol.1 17/12/2023 Books
    Dewey Decimal Classification       IDEAL INSTITUTE OF NURSING IDEAL INSTITUTE OF NURSING 17/12/2023 1999.00   610.73 TAY 396 17/12/2023 Vol.1 17/12/2023 Books
    Dewey Decimal Classification       IDEAL INSTITUTE OF NURSING IDEAL INSTITUTE OF NURSING 17/12/2023 1999.00   610.73 TAY 397 17/12/2023 Vol.1 17/12/2023 Books
© Ideal Institute Of Nursing, All rights reserved.         Powered by Koha